| 000 | 005670000a22001570004500 | ||
|---|---|---|---|
| 090 |
_aAR _b00274 |
||
| 245 | 1 | 0 | _aEnhancing the uses and commerce of biodiversity resources under the sustainable development scope |
| 650 | 1 | 4 |
_aValoración económica de los recursos _993121 |
| 650 | 1 | 4 |
_aBiodiversidad _992204 |
| 650 | 1 | 4 |
_aDesarrollo sostenible _9278 |
| 650 | 1 | 4 |
_aRecursos genéticos _992757 |
| 041 | 0 | _aInglés | |
| 100 | 1 |
_aRamos Borrero, Aurelio _92230 |
|
| 942 |
_cARTICULO _01 |
||
| 773 | 1 |
_tUnited Nations Conference on Trade and Development (UNCTAD) _3107 _q1-5 _d1997 |
|
| 999 |
_c9374 _d9374 |
||